[Event "BL 0708 Hamburger SK - Bindl-Aktionär"]
[Site "?"]
[Date "2007.11.25"]
[Round "4.3"]
[White "Slobodjan, Roman"]
[Black "Mueller, Karsten Dr"]
[Result "1/2-1/2"]
[WhiteElo "2547"]
[BlackElo "2515"]
[PlyCount "64"]
[EventDate "2007.??.??"]

1. d4 Nf6 2. Nf3 c5 3. e3 g6 4. c4 Bg7 5. Nc3 O-O 6. Be2 cxd4 7. Nxd4 Nc6 8.
O-O d6 9. b3 Nxd4 10. exd4 d5 11. Bf4 b6 12. Be5 Bb7 13. Bf3 e6 14. Qe2 Qd7 15.
a4 Rfc8 16. Rfc1 dxc4 17. Bxb7 Qxb7 18. bxc4 Qc6 19. a5 Nd7 20. Bxg7 Kxg7 21.
Ne4 bxa5 22. Rxa5 a6 23. h3 Rcb8 24. Qe3 Kg8 25. d5 exd5 26. Rxd5 Nf6 27. Nxf6+
Qxf6 28. c5 Re8 29. Qd4 Qxd4 30. Rxd4 Rac8 31. c6 Rc7 32. Rb4 Rec8 1/2-1/2

[Event "BL 0708 Hamburger SK - Bindl-Aktionär"]
[Site "?"]
[Date "2007.11.25"]
[Round "4.5"]
[White "Markos, Jan"]
[Black "Beikert, Guenther Dr"]
[Result "1-0"]
[WhiteElo "2565"]
[BlackElo "2449"]
[PlyCount "65"]
[EventDate "2007.??.??"]

1. d4 Nf6 2. c4 g6 3. Nc3 d5 4. Bg5 Ne4 5. Bh4 c5 6. e3 Nc6 7. cxd5 Nxc3 8.
bxc3 Qxd5 9. Nf3 cxd4 10. exd4 Qa5 11. Qd2 Bg4 12. Rb1 Bxf3 13. gxf3 Bg7 14.
Rxb7 O-O 15. Rb5 Qa4 16. Bg3 Bxd4 17. Rd5 Rad8 18. Bb5 Qa5 19. cxd4 Rxd5 20.
Bxc6 Qxd2+ 21. Kxd2 Rxd4+ 22. Kc3 Rdd8 23. Rc1 Rc8 24. Kb4 Rfd8 25. a4 Rd2 26.
Rc4 Kg7 27. Bb5 Ra8 28. Ka5 Kf6 29. Rf4+ Kg7 30. Rc4 Kf6 31. Rf4+ Kg7 32. Rd4
Re2 33. Ka6 1-0

[Event "BL 0708 Hamburger SK - Bindl-Aktionär"]
[Site "?"]
[Date "2007.11.25"]
[Round "4.6"]
[White "Reeh, Oliver"]
[Black "Stohl, Igor Dr"]
[Result "1/2-1/2"]
[WhiteElo "2427"]
[BlackElo "2545"]
[PlyCount "55"]
[EventDate "2007.??.??"]

1. e4 c5 2. Nf3 d6 3. d4 cxd4 4. Nxd4 Nf6 5. Nc3 e6 6. f4 a6 7. Nf3 Nbd7 8. Bd3
g6 9. O-O Bg7 10. Qe1 O-O 11. Kh1 Nc5 12. Be3 b6 13. b4 Nxd3 14. cxd3 Ng4 15.
Bg1 f5 16. Rc1 Bd7 17. h3 Nf6 18. e5 Nh5 19. exd6 Nxf4 20. Qe3 g5 21. Nxg5 Qxg5
22. Rxf4 Bh6 23. Ne2 Qg7 24. d4 Rac8 25. Rc7 Rxc7 26. dxc7 Rc8 27. Qb3 Bxf4 28.
Nxf4 1/2-1/2

[Event "BL 0708 Hamburger SK - Bindl-Aktionär"]
[Site "?"]
[Date "2007.11.25"]
[Round "4.7"]
[White "Bezold, Michael"]
[Black "Sebastian, Dirk"]
[Result "1/2-1/2"]
[WhiteElo "2521"]
[BlackElo "2445"]
[PlyCount "41"]
[EventDate "2007.??.??"]

1. d4 d6 2. g3 g6 3. Bg2 Bg7 4. e4 Nd7 5. Ne2 e5 6. O-O Ne7 7. Nbc3 O-O 8. dxe5
dxe5 9. Be3 Nc6 10. Nd5 Nb6 11. Qd3 Nxd5 12. exd5 Ne7 13. Rad1 Nf5 14. Bc1 Nd6
15. c4 b6 16. b3 Re8 17. Rfe1 Bf5 18. Qc3 Qd7 19. Bb2 Bh3 20. Nf4 Bxg2 21. Kxg2
1/2-1/2

[Event "BL 0708 Hamburger SK - Bindl-Aktionär"]
[Site "?"]
[Date "2007.11.25"]
[Round "4.8"]
[White "Huschenbeth, Niclas"]
[Black "Schneider, Ilja"]
[Result "0-1"]
[WhiteElo "2318"]
[BlackElo "2442"]
[PlyCount "58"]
[EventDate "2007.??.??"]

1. e4 c5 2. Nf3 e6 3. d4 cxd4 4. Nxd4 Nf6 5. Nc3 Nc6 6. Ndb5 Bb4 7. a3 Bxc3+ 8.
Nxc3 d5 9. exd5 exd5 10. Bd3 O-O 11. O-O h6 12. Bf4 d4 13. Nb5 Nd5 14. Qf3 Be6
15. Nd6 Nxf4 16. Qxf4 Qc7 17. Qe4 g6 18. Nb5 Qd7 19. Qf4 Rad8 20. Nc7 Bf5 21.
Bc4 Bxc2 22. Rac1 d3 23. Nd5 Qf5 24. Qd2 b5 25. Ba2 Rxd5 26. Bxd5 Nd4 27. Bf3
Qxf3 28. Rxc2 Qe2 29. Re1 dxc2 0-1

[Event "BL 0708 Werder Bremen - Erfurter SK"]
[Site "?"]
[Date "2007.11.25"]
[Round "4.1"]
[White "Kraemer, Martin"]
[Black "Efimenko, Zahar"]
[Result "0-1"]
[WhiteElo "2436"]
[BlackElo "2624"]
[PlyCount "112"]
[EventDate "2007.??.??"]

1. d4 Nf6 2. c4 g6 3. Nf3 Bg7 4. g3 d5 5. cxd5 Nxd5 6. Bg2 Nb6 7. Nc3 Nc6 8. e3
O-O 9. O-O Re8 10. d5 Na5 11. Nd4 Bd7 12. e4 Rc8 13. Re1 c5 14. Nb3 Nbc4 15. f4
Qb6 16. Kh1 Nxb2 17. Bxb2 Nc4 18. Qc2 Nxb2 19. Qxb2 c4 20. e5 cxb3 21. axb3 Qd4
22. Nd1 Qb4 23. Re4 Qb5 24. Ne3 a6 25. Rc4 Rxc4 26. Nxc4 Rc8 27. Qc3 Qc5 28.
Qa5 Qd4 29. d6 exd6 30. Qe1 Bg4 31. h3 Be2 32. Nxd6 Rc2 33. Rc1 Rd2 34. Qg1 Qd3
35. Rc8+ Bf8 36. Qc5 Bf3 37. Rxf8+ Kxf8 38. Ne4+ Kg7 39. Nxd2 Bxg2+ 40. Kxg2
Qxd2+ 41. Qf2 Qxf2+ 42. Kxf2 a5 43. Ke3 b5 44. Kd4 a4 45. bxa4 bxa4 46. Kc4 f6
47. exf6+ Kxf6 48. g4 Ke6 49. Kb4 Kd5 50. Kxa4 Ke4 51. f5 gxf5 52. gxf5 Kxf5
53. Kb4 Kg5 54. Kc4 Kh4 55. Kd3 Kxh3 56. Ke3 Kg3 0-1

[Event "BL 0708 Werder Bremen - Erfurter SK"]
[Site "?"]
[Date "2007.11.25"]
[Round "4.2"]
[White "Areshchenko, Alexander"]
[Black "Votava, Jan"]
[Result "1-0"]
[WhiteElo "2638"]
[BlackElo "2546"]
[PlyCount "109"]
[EventDate "2007.??.??"]

1. e4 e5 2. Nf3 Nc6 3. Bc4 Bc5 4. c3 Nf6 5. d3 d6 6. O-O O-O 7. Nbd2 a6 8. Bb3
Ba7 9. h3 h6 10. Re1 Be6 11. Bc2 Ne7 12. Nf1 Ng6 13. Ng3 Re8 14. d4 Nh7 15. Be3
Nh4 16. Nh2 c5 17. dxe5 dxe5 18. Qh5 Ng6 19. Nf5 Bxf5 20. Qxf5 Nf6 21. Rad1
Qxd1 22. Bxd1 Nh4 23. Qxf6 gxf6 24. Ng4 Re6 25. g3 Ng6 26. Bb3 Rd6 27. Nxh6+
Kh7 28. Bxf7 c4 29. Nf5 Rdd8 30. Bxc4 Bxe3 31. Nxe3 Rd2 32. Rb1 Ne7 33. Kf1 Rd6
34. Ke2 Rad8 35. a4 Kg6 36. Nd5 Nxd5 37. Bxd5 b6 38. c4 a5 39. Ke3 Rh8 40. h4
Rh7 41. Kf3 Rg7 42. g4 Rh7 43. Kg3 Rd8 44. Rd1 Kg7 45. Rd3 Rd6 46. Rc3 Kg6 47.
Rf3 Re7 48. Rf5 Rg7 49. f4 exf4+ 50. Kxf4 Re7 51. b3 Re8 52. g5 fxg5+ 53. Rxg5+
Kh6 54. e5 Rg6 55. Bf7 1-0

[Event "BL 0708 Werder Bremen - Erfurter SK"]
[Site "?"]
[Date "2007.11.25"]
[Round "4.3"]
[White "Haba, Petr"]
[Black "Meier, Georg"]
[Result "0-1"]
[WhiteElo "2525"]
[BlackElo "2558"]
[PlyCount "74"]
[EventDate "2007.??.??"]

1. d4 Nf6 2. c4 e6 3. g3 d5 4. Bg2 Bb4+ 5. Nd2 O-O 6. Qc2 b6 7. Ngf3 Bb7 8. O-O
Nbd7 9. Rd1 Rc8 10. cxd5 exd5 11. Nf1 Re8 12. Bg5 h6 13. Bxf6 Nxf6 14. Bh3 Ra8
15. Ne5 Bd6 16. f4 c5 17. e3 Qe7 18. Rac1 Rad8 19. Qa4 Qc7 20. Nd2 a6 21. Qc2
Qe7 22. Bf5 g6 23. Bh3 Kg7 24. Ndf3 Ne4 25. Nh4 Kh7 26. Rf1 Rg8 27. Qb3 Nd2 28.
Qxb6 Nxf1 29. Kxf1 Rb8 30. Qa5 Bc8 31. Bxc8 Rgxc8 32. Qxa6 Bxe5 33. dxe5 Ra8
34. Qd3 Rxa2 35. Rc2 Qb7 36. Kg2 c4 37. Qd4 c3 0-1

[Event "BL 0708 Werder Bremen - Erfurter SK"]
[Site "?"]
[Date "2007.11.25"]
[Round "4.4"]
[White "Kritz, Leonid"]
[Black "Kuczynski, Robert"]
[Result "1/2-1/2"]
[WhiteElo "2596"]
[BlackElo "2483"]
[PlyCount "89"]
[EventDate "2007.??.??"]

1. e4 c5 2. Nf3 d6 3. d4 cxd4 4. Nxd4 Nf6 5. Nc3 a6 6. Be3 e5 7. Nb3 Be7 8. f3
Be6 9. Qd2 O-O 10. O-O-O Nbd7 11. g4 Qc7 12. g5 Nh5 13. Kb1 b5 14. Nd5 Bxd5 15.
exd5 Nb6 16. Na5 Nxd5 17. Qxd5 Qxa5 18. c4 Rab8 19. Bd3 Qb4 20. Bd2 Qc5 21.
Qxc5 dxc5 22. Rhe1 g6 23. Rxe5 Rfd8 24. Kc2 Bf8 25. Ba5 Rd4 26. Re4 Rd7 27.
cxb5 axb5 28. Bc3 Bg7 29. Be5 Bxe5 30. Rxe5 Nf4 31. Bf1 Rc7 32. Kc3 Kg7 33. Rd6
h6 34. h4 hxg5 35. hxg5 Ne6 36. Rdd5 Ra7 37. a3 b4+ 38. axb4 Ra1 39. Bd3 cxb4+
40. Kb3 Nf4 41. Rd4 Nxd3 42. Rxd3 Rf1 43. Re4 Rf2 44. Rf4 Rb5 45. Rg4 1/2-1/2

[Event "BL 0708 Werder Bremen - Erfurter SK"]
[Site "?"]
[Date "2007.11.25"]
[Round "4.5"]
[White "Machelett, Heiko"]
[Black "Hracek, Zbynek"]
[Result "1/2-1/2"]
[WhiteElo "2430"]
[BlackElo "2598"]
[PlyCount "30"]
[EventDate "2007.??.??"]

1. d4 Nf6 2. Nf3 e6 3. e3 b6 4. Bd3 Bb7 5. O-O d5 6. Ne5 Nbd7 7. f4 g6 8. Bd2
c5 9. c3 Bg7 10. Be1 O-O 11. Bh4 Qc7 12. Nd2 Ne8 13. Qf3 Nd6 14. Qh3 Rae8 15.
Ndf3 Bc8 1/2-1/2

[Event "BL 0708 Werder Bremen - Erfurter SK"]
[Site "?"]
[Date "2007.11.25"]
[Round "4.7"]
[White "Enders, Peter"]
[Black "Babula, Vlastimil"]
[Result "1/2-1/2"]
[WhiteElo "2441"]
[BlackElo "2596"]
[PlyCount "42"]
[EventDate "2007.??.??"]

1. e4 c5 2. Nf3 d6 3. d4 cxd4 4. Nxd4 Nf6 5. Nc3 a6 6. Bc4 e6 7. Bb3 Nbd7 8. f4
Nc5 9. Qf3 Be7 10. Be3 Qc7 11. O-O-O b5 12. e5 Bb7 13. Qg3 dxe5 14. fxe5 Nfe4
15. Qxg7 O-O-O 16. Nce2 Rdf8 17. Rhf1 Rhg8 18. Qxh7 Rh8 19. Qg7 Rhg8 20. Qh7
Rh8 21. Qg7 Rhg8 1/2-1/2

[Event "BL 0708 Werder Bremen - Erfurter SK"]
[Site "?"]
[Date "2007.11.25"]
[Round "4.8"]
[White "Fish, Gennadij"]
[Black "Casper, Thomas"]
[Result "0-1"]
[WhiteElo "2546"]
[BlackElo "2421"]
[PlyCount "72"]
[EventDate "2007.??.??"]

1. d4 Nf6 2. c4 d6 3. Nf3 Nbd7 4. Nc3 e5 5. e4 g6 6. Be2 Bg7 7. O-O O-O 8. Qc2
Nh5 9. Rd1 Nf4 10. Bf1 c6 11. g3 Ne6 12. Be3 c5 13. dxc5 dxc5 14. Nd5 Nd4 15.
Bxd4 exd4 16. Ne1 Nf6 17. Bg2 Re8 18. Nxf6+ Qxf6 19. Nd3 Qe7 20. f4 f6 21. Rab1
a5 22. Qb3 Qc7 23. Qb5 Bg4 24. Nxc5 Bxd1 25. Rxd1 b6 26. Nd7 Red8 27. Rxd4 Ra7
28. Qd5+ Kh8 29. Qe6 Qc8 30. Bh3 f5 31. Ne5 Qxe6 32. Rxd8+ Bf8 33. Rxf8+ Kg7
34. Rd8 Qe7 35. Rd5 Qb4 36. Nd3 Qxc4 0-1

[Event "BL 0708 SC Remagen - SG Turm Trier"]
[Site "?"]
[Date "2007.12.16"]
[Round "4.1"]
[White "Kotronias, Vasilios"]
[Black "Avrukh, Boris"]
[Result "1-0"]
[WhiteElo "2614"]
[BlackElo "2641"]
[PlyCount "135"]
[EventDate "2007.??.??"]

1. e4 e5 2. Nf3 Nc6 3. Bb5 a6 4. Ba4 Nf6 5. O-O Be7 6. Re1 b5 7. Bb3 d6 8. c3
O-O 9. h3 Nb8 10. d4 Nbd7 11. Nbd2 Bb7 12. Bc2 Re8 13. Nf1 Bf8 14. Ng3 g6 15.
b3 c6 16. Bg5 Bg7 17. Qd2 Qe7 18. Rad1 Qf8 19. b4 h6 20. Be3 a5 21. a3 axb4 22.
axb4 Ra3 23. Bb1 Rea8 24. Qc1 h5 25. Re2 Ra1 26. dxe5 Nxe5 27. Nxe5 dxe5 28.
Bb6 R1a6 29. Bc5 Qe8 30. Qg5 Nh7 31. Qe3 Bf6 32. f4 exf4 33. Qxf4 Be5 34. Qf2
Ra1 35. Bd4 Nf6 36. Nf5 Rd8 37. Rf1 Rd7 38. Bxe5 Qxe5 39. Nd4 Re7 40. Nc2 Rxb1
41. Rxb1 Qxc3 42. Qd4 Qxd4+ 43. Nxd4 Nxe4 44. Nb3 f5 45. Nc5 Rc7 46. Nxe4 fxe4
47. Rxe4 c5 48. Re5 cxb4 49. Rxb5 Kg7 50. R1xb4 Bc8 51. Rb8 Rc1+ 52. Kh2 Rc2
53. Rb2 Rc3 54. Ra2 Bf5 55. Ra7+ Kf6 56. Rf8+ Ke6 57. Ra6+ Ke5 58. Re8+ Kf4 59.
Ra4+ Kg5 60. h4+ Kf6 61. Ra6+ Kf7 62. Rea8 Be6 63. R6a7+ Kf6 64. Rf8+ Ke5 65.
Ra5+ Kd4 66. Rd8+ Ke4 67. Re8 Rc6 68. Rg5 1-0

[Event "BL 0708 SC Remagen - SG Turm Trier"]
[Site "?"]
[Date "2007.12.16"]
[Round "4.4"]
[White "Degraeve, Jean-Marc"]
[Black "Jaracz, Pawel"]
[Result "1/2-1/2"]
[WhiteElo "2546"]
[BlackElo "2518"]
[PlyCount "41"]
[EventDate "2007.??.??"]

1. e4 c5 2. Nf3 e6 3. Nc3 Nc6 4. Bb5 Nd4 5. O-O a6 6. Bd3 Nc6 7. e5 d5 8. exd6
Bxd6 9. b3 Nb4 10. Be2 Nf6 11. Bb2 O-O 12. a3 Nc6 13. Bd3 Ne5 14. Nxe5 Bxe5 15.
Qe2 Qc7 16. h3 b6 17. Nb5 Bh2+ 18. Kh1 axb5 19. Bxf6 gxf6 20. Qg4+ Kh8 21. Qh4
1/2-1/2

[Event "BL 0708 SC Remagen - SG Turm Trier"]
[Site "?"]
[Date "2007.12.16"]
[Round "4.5"]
[White "Parligras, Mircea"]
[Black "Popovic, Petar"]
[Result "1-0"]
[WhiteElo "2553"]
[BlackElo "2474"]
[PlyCount "89"]
[EventDate "2007.??.??"]

1. e4 c5 2. Nf3 d6 3. d4 cxd4 4. Nxd4 Nf6 5. Nc3 a6 6. Be3 e5 7. Nb3 Be7 8. Qd2
O-O 9. O-O-O a5 10. a4 Nc6 11. Kb1 Nb4 12. Bg5 Ne8 13. Bxe7 Qxe7 14. Bb5 Be6
15. Bxe8 Qxe8 16. Qxd6 Rc8 17. Qb6 Nxc2 18. Kxc2 Qxa4 19. Qxb7 Rxc3+ 20. Kxc3
Bxb3 21. Rd3 Qc4+ 22. Kd2 Qc2+ 23. Ke3 a4 24. Qb4 Qc6 25. Qd6 Qb5 26. Rc1 Be6
27. Rd2 h6 28. f3 Bc4 29. Qc7 Be6 30. Rc5 Qb3+ 31. Rc3 Qb5 32. Kf2 Kh7 33. Qc5
Qb8 34. Qd6 Qa7+ 35. Kg3 Re8 36. Qxe5 Qg1 37. Qd4 Qe1+ 38. Qf2 Qa1 39. h3 Rb8
40. Kh2 Qa2 41. Ra3 Qc4 42. Qd4 Qf1 43. Rxa4 Rc8 44. Qd3 Qe1 45. Rd4 1-0

[Event "BL 0708 SC Remagen - SG Turm Trier"]
[Site "?"]
[Date "2007.12.16"]
[Round "4.6"]
[White "Mainka, Romuald"]
[Black "Seger, Ruediger"]
[Result "1-0"]
[WhiteElo "2496"]
[BlackElo "2395"]
[PlyCount "141"]
[EventDate "2007.??.??"]

1. e4 c6 2. d4 d5 3. e5 Bf5 4. Nd2 e6 5. Nb3 Nd7 6. Nf3 Ne7 7. Be2 Bg6 8. O-O
Nf5 9. Bd2 Bh5 10. h3 Bxf3 11. Bxf3 Be7 12. Bg4 g6 13. Qe2 h5 14. Bxf5 gxf5 15.
Na5 Qb6 16. Nb3 Qb5 17. Qxb5 cxb5 18. a4 b4 19. c3 bxc3 20. Bxc3 Rc8 21. Nc1
Nb8 22. Nd3 Nc6 23. Rfc1 Bg5 24. f4 Bh6 25. b4 Ne7 26. h4 O-O 27. g3 Rc7 28. b5
Rfc8 29. Bb4 Rxc1+ 30. Rxc1 Rxc1+ 31. Nxc1 Nc8 32. Nd3 b6 33. Kf2 Bf8 34. Bc3
Ba3 35. Ke2 Kf8 36. Ne1 Ke8 37. Nf3 Ne7 38. Kd3 Ng8 39. Bd2 Be7 40. Kc2 Kd7 41.
Kb3 Kd8 42. Ne1 Kd7 43. Nc2 Bf8 44. a5 Be7 45. a6 Bf8 46. Kc3 Be7 47. Kd3 Bf8
48. Ke2 Be7 49. Ne1 Ba3 50. Nd3 Be7 51. Kf3 Kc7 52. Kg2 Ba3 53. Be1 Be7 54. g4
fxg4 55. f5 Nh6 56. f6 Ba3 57. Nf4 Bb2 58. Nxh5 Bxd4 59. Ng7 Bxe5 60. Bd2 Ng8
61. Nxe6+ Kd6 62. Nd8 Kc5 63. Nc6 Bxf6 64. Nxa7 Kd6 65. Nc6 Kc7 66. Bf4+ Kc8
67. h5 d4 68. h6 Nxh6 69. Bxh6 d3 70. Bd2 Bh4 71. Ne5 1-0

[Event "BL 0708 SC Remagen - SG Turm Trier"]
[Site "?"]
[Date "2007.12.16"]
[Round "4.7"]
[White "Cioara, Andrei Nestor"]
[Black "Boidman, Yuri"]
[Result "1-0"]
[WhiteElo "2428"]
[BlackElo "2450"]
[PlyCount "67"]
[EventDate "2007.??.??"]

1. d4 d5 2. c4 c6 3. Nf3 Nf6 4. g3 Bf5 5. Bg2 e6 6. Nc3 Be7 7. O-O Nbd7 8. b3
Ne4 9. Nxe4 Bxe4 10. Bb2 O-O 11. Nd2 Bxg2 12. Kxg2 a5 13. Qc2 a4 14. Bc3 b5 15.
e4 dxc4 16. bxc4 b4 17. Bb2 c5 18. d5 Bf6 19. f4 Bxb2 20. Qxb2 Nb6 21. Qc2 exd5
22. exd5 Re8 23. Ne4 h6 24. Rae1 f5 25. Nf2 Qf6 26. Nd3 Qd4 27. Ne5 Rxe5 28.
fxe5 Nxc4 29. d6 Nxe5 30. Qxf5 Ng4 31. d7 Qd2+ 32. Kh3 Nf6 33. Qe6+ Kh7 34.
Rxf6 1-0

[Event "BL 0708 SC Remagen - SG Turm Trier"]
[Site "?"]
[Date "2007.12.16"]
[Round "4.8"]
[White "Schulz, Klaus-Juergen"]
[Black "Ionescu, Doru Alexandru"]
[Result "0-1"]
[WhiteElo "2401"]
[BlackElo "2377"]
[PlyCount "147"]
[EventDate "2007.??.??"]

1. d4 Nf6 2. c4 c5 3. e3 g6 4. Nc3 Bg7 5. Nf3 O-O 6. Be2 d6 7. O-O Na6 8. h3
Bf5 9. b3 Qa5 10. Bb2 Rad8 11. Qd2 e5 12. d5 Rde8 13. e4 Bc8 14. Ne1 Qd8 15. a3
Kh8 16. Qg5 Qb6 17. Bd1 Ng8 18. Nd3 f5 19. Qd2 f4 20. f3 h5 21. Nb5 Nc7 22. a4
Nxb5 23. axb5 a6 24. bxa6 bxa6 25. Bc3 g5 26. Ba5 Qa7 27. Kf2 Nh6 28. Ke1 Nf5
29. Qf2 Ne3 30. Rh1 Qb7 31. Ra3 Bf6 32. Bd2 Nf5 33. Bc2 Ng3 34. Rg1 g4 35. hxg4
hxg4 36. Kd1 Qh7 37. Kc1 Qh2 38. Kb2 Re7 39. Rga1 Rh7 40. Bc3 gxf3 41. Qxf3 Qh5
42. Qxh5 Rxh5 43. Bd1 Rh2 44. Bf3 Ne2 45. b4 Nxc3 46. Kxc3 cxb4+ 47. Nxb4 Bh4
48. Nd3 Rd8 49. Rb1 Bf6 50. Rb6 Kg7 51. c5 dxc5 52. Kc4 Rh1 53. Rc6 Rb1 54. Ra5
Rb8 55. Nxc5 Be7 56. Rc7 Kf8 57. Nxa6 Ra8 58. Rc6 Bd7 59. Rh6 Kg7 60. Rh1 Rdc8+
61. Kb3 Ra7 62. Ka2 Rca8 63. d6 Rxa6 64. Rxa6 Rxa6+ 65. Kb3 Rxd6 66. Ra1 Be6+
67. Kc3 Rc6+ 68. Kd3 Bc5 69. Ra8 Bd4 70. Rd8 Rc3+ 71. Kd2 Bc4 72. Rc8 Rd3+ 73.
Kc2 Bb5 74. Be2 0-1

[Event "BL 0708 OSC Baden Bad - Godesberger SK"]
[Site "GRENKELEASING AG"]
[Date "2007.??.??"]
[Round "4.1"]
[White "Svidler, Peter"]
[Black "Kasimdzhanov , Rustam"]
[Result "1/2-1/2"]
[WhiteElo "2732"]
[BlackElo "2690"]
[PlyCount "29"]
[EventDate "2007.??.??"]

1. e4 c5 2. Nf3 d6 3. d4 cxd4 4. Nxd4 Nf6 5. Nc3 Nc6 6. Bg5 e6 7. Qd2 Be7 8.
O-O-O O-O 9. Nb3 Qb6 10. f3 a6 11. g4 Qc7 12. Kb1 Rd8 13. Bxf6 Bxf6 14. g5 Bxc3
15. Qxc3 1/2-1/2

[Event "BL 0708 OSC Baden Bad - Godesberger SK"]
[Site "GRENKELEASING AG"]
[Date "2007.??.??"]
[Round "4.2"]
[White "Lutz, Christopher"]
[Black "Bacrot, Etienne"]
[Result "0-1"]
[WhiteElo "2695"]
[BlackElo "2588"]
[PlyCount "118"]
[EventDate "2007.??.??"]

1. e4 e5 2. Nf3 Nc6 3. Bb5 a6 4. Ba4 Nf6 5. O-O Be7 6. Re1 b5 7. Bb3 O-O 8. h3
Bb7 9. d3 d5 10. exd5 Nxd5 11. Nxe5 Nd4 12. Nc3 Nb4 13. Bd2 Bd6 14. Ng4 Nxb3
15. axb3 f5 16. Nh2 Qf6 17. Rc1 Qg6 18. Nf3 Rae8 19. Nh4 Qf6 20. Nf3 Rxe1+ 21.
Bxe1 Qh6 22. Nd2 Qg5 23. f3 Re8 24. d4 c5 25. d5 Bxd5 26. Ra1 Bb7 27. Nf1 Rd8
28. Qe2 Qe7 29. Rc1 Qxe2 30. Nxe2 Re8 31. Kf2 Bc7 32. Bxb4 cxb4 33. Rd1 Kf7 34.
c3 bxc3 35. bxc3 Bb6+ 36. Ke1 a5 37. Ra1 g5 38. Kd2 Kf6 39. c4 b4 40. Nfg3 f4
41. Nf1 Bc8 42. Kd1 Bf5 43. Nd2 Re5 44. h4 h6 45. hxg5+ hxg5 46. g3 Bd3 47. Nc1
Bg6 48. Ne2 Bf2 49. gxf4 gxf4 50. Ra2 Bd3 51. Ne4+ Bxe4 52. fxe4 Rxe4 53. Rxa5
f3 54. Nc1 Bb6 55. Rh5 Rd4+ 56. Kc2 f2 57. Rh1 Rg4 58. Ne2 Rg1 59. Rh6+ Ke5 0-1

[Event "BL 0708 OSC Baden Bad - Godesberger SK"]
[Site "GRENKELEASING AG"]
[Date "2007.??.??"]
[Round "4.3"]
[White "Vallejo Pons, Francisco"]
[Black "Sprenger, Jan-Michael"]
[Result "1-0"]
[WhiteElo "2660"]
[BlackElo "2536"]
[PlyCount "35"]
[EventDate "2007.??.??"]

1. e4 c5 2. Nc3 Nc6 3. Bb5 Nd4 4. Bc4 e6 5. Nge2 Nf6 6. O-O a6 7. d3 b5 8. Bb3
Nxb3 9. axb3 Bb7 10. Bg5 d6 11. f4 Be7 12. f5 O-O 13. Ng3 h6 14. Bd2 Nh7 15.
fxe6 fxe6 16. Qg4 Bf6 17. Qxe6+ Kh8 18. Nf5 1-0

[Event "BL 0708 OSC Baden Bad - Godesberger SK"]
[Site "GRENKELEASING AG"]
[Date "2007.??.??"]
[Round "4.4"]
[White "Kveinys, Aloyzas"]
[Black "Naiditsch, Arkadij"]
[Result "0-1"]
[WhiteElo "2517"]
[BlackElo "2639"]
[PlyCount "120"]
[EventDate "2007.??.??"]

1. Nf3 Nf6 2. c4 c5 3. g3 d5 4. cxd5 Nxd5 5. Bg2 Nc6 6. Nc3 g6 7. O-O Bg7 8.
Nxd5 Qxd5 9. d3 O-O 10. Be3 Bxb2 11. Rb1 Bf6 12. Qa4 Qd7 13. Bxc5 b6 14. Bxb6
Nd4 15. Qd1 axb6 16. Nxd4 Rxa2 17. Nc6 Qe6 18. Bf3 Bd7 19. Nb4 Ra5 20. Qd2 Rc8
21. Rfc1 Rxc1+ 22. Qxc1 Qd6 23. Nc2 h5 24. Ne3 Rc5 25. Nc4 Qc7 26. Qf4 Qxf4 27.
gxf4 b5 28. Nd2 Rc2 29. Ne4 Bb2 30. e3 b4 31. Kg2 Ba3 32. Bd1 Rc8 33. Bb3 Kg7
34. d4 Bf5 35. f3 Bc1 36. Kf2 Bxe4 37. fxe4 Rc3 38. Bd1 Bxe3+ 39. Ke2 Bxd4 40.
Rxb4 Re3+ 41. Kd2 Rxe4 42. Kd3 Re1 43. Bxh5 Bc5 44. Rc4 Re3+ 45. Kd2 gxh5 46.
Rxc5 Rh3 47. Rg5+ Kf6 48. Ke2 Rxh2+ 49. Kf3 Rh3+ 50. Kg2 Rh4 51. Kf3 e6 52. Ra5
Kg6 53. Rg5+ Kh6 54. Rg1 Rh3+ 55. Ke4 Ra3 56. Rg8 Ra5 57. Kf3 Rf5 58. Ke4 Kh7
59. Rg2 h4 60. Rh2 Rh5 0-1

[Event "BL 0708 OSC Baden Bad - Godesberger SK"]
[Site "GRENKELEASING AG"]
[Date "2007.??.??"]
[Round "4.5"]
[White "Nielsen, Peter-Heine"]
[Black "Likavsky, Tomas"]
[Result "1/2-1/2"]
[WhiteElo "2626"]
[BlackElo "2496"]
[PlyCount "143"]
[EventDate "2007.??.??"]

1. d4 Nf6 2. c4 g6 3. Nc3 Bg7 4. e4 d6 5. Nf3 O-O 6. Be2 e5 7. O-O Nc6 8. d5
Ne7 9. Ne1 Nd7 10. Be3 f5 11. f3 f4 12. Bf2 g5 13. Rc1 Ng6 14. c5 Nxc5 15. b4
Na6 16. Nd3 Rf7 17. Nb5 b6 18. Be1 h5 19. Nf2 Bf6 20. a3 Qd7 21. Rc3 Bd8 22.
Qc2 Nb8 23. a4 a6 24. Na3 Qe8 25. Nc4 Bb7 26. Bd2 Nd7 27. Rc1 Nf6 28. Be1 Rg7
29. h3 Nh8 30. Nd2 Qg6 31. Nf1 Bc8 32. Nh2 Ne8 33. Kf1 Nf7 34. Qd1 Nh6 35. Rc4
Kh8 36. R1c3 Bb7 37. Qc2 Qf7 38. Bd2 Bf6 39. Ke1 b5 40. Rc6 Bxc6 41. Rxc6 Ng8
42. axb5 axb5 43. Bxb5 g4 44. hxg4 Bh4 45. Bc3 Nef6 46. g5 Rxg5 47. Kf1 Bxf2
48. Qxf2 Qg7 49. Ra6 Rxa6 50. Bxa6 Ne7 51. Kg1 Rg3 52. Be1 Qg8 53. Qc2 Qb8 54.
Bf1 Rg7 55. Bh4 Nh7 56. b5 Ng6 57. Bf2 Nf6 58. Kh1 Nd7 59. Kg1 Kh7 60. Kh1 Nb6
61. Kg1 Qa8 62. Kh1 Qb8 63. Kg1 Nd7 64. Kh1 Nf6 65. Kg1 h4 66. Qa2 Qd8 67. Qc2
Nh5 68. Ng4 Ng3 69. Qc6 Ne7 70. Qe8 Qxe8 71. Nf6+ Kg6 72. Nxe8 1/2-1/2

[Event "BL 0708 OSC Baden Bad - Godesberger SK"]
[Site "GRENKELEASING AG"]
[Date "2007.??.??"]
[Round "4.6"]
[White "Jackelen, Thomas"]
[Black "Dautov, Rustem"]
[Result "1/2-1/2"]
[WhiteElo "2437"]
[BlackElo "2590"]
[PlyCount "43"]
[EventDate "2007.??.??"]

1. Nf3 d5 2. c4 d4 3. g3 g6 4. d3 Bg7 5. b4 e5 6. Nbd2 Ne7 7. Nb3 b6 8. Bg2 Bb7
9. O-O Nd7 10. Re1 Rb8 11. Bb2 O-O 12. e3 dxe3 13. Rxe3 Nf5 14. Re2 Re8 15. Qc2
c5 16. b5 f6 17. Rae1 Nd6 18. Nh4 Qc7 19. Bc1 Rbd8 20. f4 Bxg2 21. Nxg2 Qb7 22.
Bb2 1/2-1/2

[Event "BL 0708 OSC Baden Bad - Godesberger SK"]
[Site "GRENKELEASING AG"]
[Date "2007.??.??"]
[Round "4.7"]
[White "Schlosser, Philipp"]
[Black "Seul, Georg"]
[Result "1-0"]
[WhiteElo "2579"]
[BlackElo "2450"]
[PlyCount "53"]
[EventDate "2007.??.??"]

1. d4 d6 2. e4 g6 3. Nc3 Bg7 4. f4 a6 5. Nf3 Nd7 6. e5 c5 7. Bc4 cxd4 8. Ng5
Nh6 9. Bxf7+ Nxf7 10. Ne6 Qa5 11. Nxg7+ Kf8 12. Ne6+ Kg8 13. Nxd4 dxe5 14. Nb3
Qb4 15. O-O e4 16. Be3 Qd6 17. Nxe4 Qxd1 18. Raxd1 Nf6 19. Nf2 Bf5 20. c3 Nd6
21. Bd4 Kf7 22. Nc5 Rhc8 23. Ncd3 h5 24. h3 b5 25. Ne5+ Ke8 26. Rfe1 h4 27.
Nxg6 1-0

[Event "BL 0708 OSC Baden Bad - Godesberger SK"]
[Site "GRENKELEASING AG"]
[Date "2007.??.??"]
[Round "4.8"]
[White "Dranov, Alexander"]
[Black "Doettling, Fabian"]
[Result "1/2-1/2"]
[WhiteElo "2439"]
[BlackElo "2541"]
[PlyCount "71"]
[EventDate "2007.??.??"]

1. d4 d5 2. c4 e6 3. Nf3 Nf6 4. g3 dxc4 5. Qa4+ Nbd7 6. Bg2 a6 7. Nc3 Rb8 8.
Qxc4 b5 9. Qd3 Bb7 10. O-O c5 11. dxc5 Bxc5 12. Be3 Qb6 13. Bxc5 Nxc5 14. Qe3
O-O 15. b4 Ncd7 16. Qxb6 Nxb6 17. Ne5 Rfc8 18. Rfc1 Kf8 19. Nd1 Bxg2 20. Kxg2
Nfd7 21. Nxd7+ Nxd7 22. Nb2 Ke7 23. a3 Nb6 24. Nd3 Na4 25. Ne5 Ke8 26. f4 Nc3
27. Kf3 f6 28. Nd3 Na4 29. Rxc8+ Rxc8 30. Rc1 Rxc1 31. Nxc1 Nb6 32. Nd3 Nc4 33.
Nc5 Ke7 34. a4 bxa4 35. Nxa4 a5 36. bxa5 1/2-1/2

[Event "BL 0708 SC Kreuzberg - SC Remagen"]
[Site "?"]
[Date "2007.12.08"]
[Round "6.1"]
[White "Avrukh, Boris"]
[Black "Sargissian, Gabriel"]
[Result "1-0"]
[WhiteElo "2641"]
[BlackElo "2673"]
[PlyCount "81"]
[EventDate "2007.??.??"]

1. d4 d5 2. c4 c6 3. Nf3 Nf6 4. Nc3 e6 5. Bg5 h6 6. Bh4 dxc4 7. e4 g5 8. Bg3 b5
9. Be2 Bb7 10. h4 g4 11. Ne5 h5 12. O-O Nbd7 13. Qc2 Nxe5 14. Bxe5 Bg7 15. b3
cxb3 16. axb3 O-O 17. Bg3 b4 18. Na4 Nd7 19. Rad1 Qe7 20. Nc5 Nxc5 21. dxc5
Rfd8 22. Rd6 Bd4 23. e5 Rxd6 24. cxd6 Qf8 25. Qe4 Bb6 26. Kh2 Qh6 27. f3 Qe3
28. Qxe3 Bxe3 29. fxg4 c5 30. g5 c4 31. Bxc4 Kg7 32. Be2 Rh8 33. Bf4 Bb6 34. g6
Kxg6 35. Bg5 f5 36. exf6 Kf7 37. Rc1 a5 38. d7 Kg6 39. Bd3+ Kf7 40. Be2 Kg6 41.
f7 1-0